Normal view MARC view
  • Transexualismo

Entry Materia

Number of records used in: 9

001 - NÚMERO DE CONTROL DEL REGISTRO

  • campo de control: 13168

003 - IDENTIFICADOR DE NUMERO DE CONTROL

  • campo de control: UPN

005 - FECHA Y HORA DE LA ÚLTIMA TRANSACCIÓN

  • campo de control: 20230308090509.0

008 - DATOS DE LONGITUD FIJA

  • campo de control de longitud fija: 230306n||acnnnbabn a ana |d

035 ## - NÚMERO DE CONTROL DEL SISTEMA

  • Número de control del sistema: UPN10000013176

040 ## - FUENTE DE LA CATALOGACIÓN

  • Centro catalogador de origen: UPN
  • Lengua de catalogación: spa
  • Agencia de transcripción: UPN

046 ## - FECHAS CON CODIFICACIÓN ESPECIAL

  • Fecha final para contenidos agregados: 2023

150 ## - ENCABEZAMIENTO - TEMÁTICO

  • Término de materia o nombre geográfico como elemento inicial: Transexualismo

450 ## - VÉASE - MATERIA

  • Encabezamiento temático: Transexualidad

450 ## - VÉASE - MATERIA

  • Encabezamiento temático: Transsexualism

670 ## - FUENTE EN LA QUE SE LOCALIZARON DATOS

  • Cita de la fuente: LC
  • Información localizada: Transsexualism

670 ## - FUENTE EN LA QUE SE LOCALIZARON DATOS

  • Cita de la fuente: DGB UNAM, 8 marzo 2023:
  • Información localizada: (Transexualismo)

680 ## - NOTA GENERAL CON DESPLIEGUE PÚBLICO

  • Texto explicativo: Aquí se asientan las obras sobre la condición donde la identidad de un individuo de género no coincide con sus características físicas sexuales, una condición muchas veces se resuelven al someterse a un cambio de sexo anatómico

902 ## - CATALOGADOR

  • Catalogador: MCM/070909